Verses Of Mind ( Manache Shlok) (Record no. 362921)

MARC details
000 -LEADER
fixed length control field 003280000a22001330004500
005 - DATE AND TIME OF LATEST TRANSACTION
control field 20120302064730.0
040 ## - CATALOGING SOURCE
Original cataloging agency Eng
100 ## - MAIN ENTRY--PERSONAL NAME
Personal name Ramdas swami
245 ## - TITLE STATEMENT
Title Verses Of Mind ( Manache Shlok)
260 ## - PUBLICATION, DISTRIBUTION, ETC. (IMPRINT)
Place of publication, distribution, etc Bombay: Jeevandeep Prakashan
300 ## - PHYSICAL DESCRIPTION
Extent 83 p.
650 ## - SUBJECT ADDED ENTRY--TOPICAL TERM
Topical term or geographic name as entry element Shlok / Manache shlok / Verses of mind
942 ## - ADDED ENTRY ELEMENTS (KOHA)
Koha item type Book
Holdings
Withdrawn status Lost status Damaged status Not for loan Home library Current library Date acquired Total Checkouts Barcode Date last seen Price effective from
        Institute For Oriental Study, Thane Institute For Oriental Study, Thane 12/02/2009   IOS-E 23975 12/02/2009 12/02/2009